000 00647nam a22001577a 4500
003 OSt
005 20150915164115.0
008 150915b xxu||||| |||| 00| 0 eng d
040 _cRUA
082 _aAGR LAM 2003 B029 Or.1
100 _9548
_aLAM MOYOURITH
245 _aEffect of drought stress on early photo period insensitive rice at reproductive phase,(ឥទ្ធិពលនៃការរំាងស្ងួតទៅលើស្រូវស្រាលមិនប្រកាន់រដូវនៅវគ្គបង្កបង្កើនផល)
260 _aphnom penh
_bRUA
_c2003
300 _a42p.
_cill.
_g29cm.
942 _2ddc
_cAGR
999 _c526
_d526